LEADER 00957nam0-22003131i-450 001 990007113090403321 005 20180620140551.0 010 $a88-244-9813-2 035 $aFED01000711309 035 $a(Aleph)000711309FED01 035 $a000711309 100 $a20020904d2001----km-y0itay50------ba 101 0 $aita 102 $aIT 105 $ay---n---001yy 200 1 $aCodice di procedura penale e leggi complementari$eaggiornato alle nuove norme in materia di collaboratori di giustizia...$fa cura di Giustino Gatti 210 $aNapoli$cEdizioni Giuridiche Simone$d2001 215 $a880 p.$d24 cm 225 1 $aCodici Simone$v501 676 $a345.050 263 2$v21$zita 702 1$aGatti,$bGiustino 710 01$aItalia$0423419 801 0$aIT$bUNINA$gRICA$2UNIMARC 901 $aBK 912 $a990007113090403321 952 $aXVIII 230 (501)$b13174*$fFGBC 959 $aFGBC 996 $aCodice di procedura penale$9200118 997 $aUNINA LEADER 01968nam 2200457 450 001 9910713515003321 005 20200603165149.0 035 $a(CKB)5470000002502517 035 $a(OCoLC)1156609890 035 $a(EXLCZ)995470000002502517 100 $a20200603j197811 ua 0 101 0 $aeng 135 $aur||||||||||| 181 $ctxt$2rdacontent 182 $cc$2rdamedia 183 $acr$2rdacarrier 200 10$aEvaluation of a proposed Colorado state inspection/maintenance program /$fby Thomas C. Bejma 210 1$a[Ann Arbor, Mich.] :$cTechnology Assessment and Evaluation Branch, Emission Control Technology Division, Office of Mobile Source Air Pollution Control, Office of Air, Noise and Pollution, U.S. Environmental Protection Agency,$dNovember, 1978. 215 $a1 online resource (approximately 14 pages) $cillustrations 300 $a"November, 1978." 300 $a"79-2." 300 $aReport number assigned by the National Service Center for Environmental Publications (NSCEP); TAEB792. 606 $aMotor vehicles$xInspection$zColorado 606 $aMotor vehicles$xMaintenance and repair 606 $aMotor vehicles$zColorado$xTesting 606 $aMotor vehicles$xMotors$xExhaust gas$xMeasurement 606 $aAltitudes 608 $aTechnical reports.$2lcgft 615 0$aMotor vehicles$xInspection 615 0$aMotor vehicles$xMaintenance and repair. 615 0$aMotor vehicles$xTesting. 615 0$aMotor vehicles$xMotors$xExhaust gas$xMeasurement. 615 0$aAltitudes. 700 $aBejma$b Thomas C.$01404026 712 02$aUnited States.$bEnvironmental Protection Agency.$bOffice of Mobile Source Air Pollution Control.$bEmission Control Technology Division.$bTechnology Assessment and Evaluation Branch, 801 0$bGPO 801 1$bGPO 906 $aBOOK 912 $a9910713515003321 996 $aEvaluation of a proposed Colorado state inspection$93533896 997 $aUNINA